[Event "European Women's Chess Club Cup 2023"]
[Site "Durres, Albania"]
[Date "2023.10.03"]
[Round "3.20"]
[White "Srdanovic, Jovana"]
[Black "Gajcin, Marina"]
[Result "0-1"]
[TimeControl "90' + 30' & 30\""]
[WhiteElo "2143"]
[BlackElo "2225"]

1. d4 {[%clk 01:30:39]} {[%emt 00:00:21]} Nf6 {[%clk 01:30:53]} {[%emt
00:00:07]} 2. c4 {[%clk 01:30:57]} {[%emt 00:00:12]} e6 {[%clk 01:31:18]}
{[%emt 00:00:05]} 3. Nf3 {[%clk 01:31:20]} {[%emt 00:00:07]} Bb4+ {[%clk
01:31:42]} {[%emt 00:00:05]} 4. Bd2 {[%clk 01:31:13]} {[%emt 00:00:38]} Qe7
{[%clk 01:32:06]} {[%emt 00:00:05]} 5. Nc3 {[%emt 00:00:52]} O-O {[%clk
01:28:06]} {[%emt 00:04:09]} 6. e3 {[%clk 01:29:30]} {[%emt 00:02:13]} Bxc3
{[%clk 01:11:01]} {[%emt 00:17:34]} 7. Bxc3 {[%clk 01:29:47]} {[%emt 00:00:13]}
d6 {[%clk 01:06:52]} {[%emt 00:04:40]} 8. Be2 {[%emt 00:11:10]} Ne4 {[%clk
01:03:16]} {[%emt 00:03:51]} 9. Qc2 {[%clk 01:17:50]} {[%emt 00:02:02]} Nxc3
{[%clk 01:02:28]} {[%emt 00:01:18]} 10. Qxc3 {[%clk 01:18:14]} {[%emt
00:00:06]} Nd7 {[%clk 01:02:27]} {[%emt 00:00:30]} 11. O-O {[%clk 01:13:21]}
{[%emt 00:05:24]} a5 {[%clk 00:55:36]} {[%emt 00:07:21]} 12. Rac1 {[%clk
01:08:03]} {[%emt 00:05:48]} b6 {[%clk 00:52:41]} {[%emt 00:03:24]} 13. b3
{[%clk 01:02:19]} {[%emt 00:06:14]} h6 {[%clk 00:43:36]} {[%emt 00:09:36]} 14.
Rfd1 {[%clk 00:56:14]} {[%emt 00:06:35]} Bb7 {[%clk 00:40:37]} {[%emt
00:03:29]} 15. a3 {[%clk 00:50:31]} {[%emt 00:06:13]} Rfc8 {[%clk 00:27:42]}
{[%emt 00:13:25]} 16. Qb2 {[%clk 00:48:22]} {[%emt 00:02:38]} Ra7 {[%clk
00:23:17]} {[%emt 00:04:56]} 17. h3 {[%clk 00:41:37]} {[%emt 00:07:15]} Qf6
{[%clk 00:18:11]} {[%emt 00:05:35]} 18. Qb1 {[%clk 00:37:52]} {[%emt 00:03:46]}
e5 {[%clk 00:17:28]} {[%emt 00:01:14]} 19. d5 {[%clk 00:33:37]} {[%emt
00:05:14]} Qe7 {[%clk 00:15:41]} {[%emt 00:02:17]} 20. Nd2 {[%clk 00:28:38]}
{[%emt 00:05:29]} Nf6 {[%clk 00:14:21]} {[%emt 00:01:50]} 21. e4 {[%clk
00:27:02]} {[%emt 00:02:06]} g6 {[%clk 00:12:19]} {[%emt 00:02:32]} 22. Qb2
{[%clk 00:23:01]} {[%emt 00:04:30]} Rb8 {[%clk 00:12:07]} {[%emt 00:00:43]} 23.
b4 {[%emt 00:01:39]} Qf8 {[%clk 00:10:00]} {[%emt 00:02:21]} 24. Ra1 {[%clk
00:15:11]} {[%emt 00:07:26]} h5 {[%clk 00:09:50]} {[%emt 00:00:42]} 25. Qc3
{[%clk 00:14:19]} {[%emt 00:01:21]} Nd7 {[%clk 00:07:42]} {[%emt 00:02:38]} 26.
Nb3 {[%clk 00:14:03]} {[%emt 00:00:46]} axb4 {[%clk 00:06:00]} {[%emt
00:02:12]} 27. axb4 {[%clk 00:14:23]} {[%emt 00:00:09]} Rba8 {[%clk 00:06:26]}
{[%emt 00:00:04]} 28. Rxa7 {[%clk 00:10:50]} {[%emt 00:04:03]} Rxa7 {[%emt
00:07:46]} 29. Ra1 {[%clk 00:03:15]} {[%emt 00:00:20]} Qa8 {[%emt 00:03:06]} 30.
Rxa7 {[%clk 00:02:05]} {[%emt 00:00:15]} Qxa7 {[%clk 00:06:14]} {[%emt
00:00:01]} 31. Qb2 {[%clk 00:00:56]} {[%emt 00:01:39]} Qa4 {[%clk 00:04:17]}
{[%emt 00:02:27]} 32. Nd2 {[%emt 00:01:23]} Kh7 {[%clk 00:02:58]} {[%emt
00:00:32]} 33. Nb1 {[%emt 00:01:02]} Nf6 {[%clk 00:02:05]} {[%emt 00:00:28]} 34.
Nc3 {[%clk 00:02:04]} {[%emt 00:00:08]} Qa8 {[%clk 00:02:28]} {[%emt 00:00:06]}
35. Bd3 {[%clk 00:01:50]} {[%emt 00:00:46]} Ba6 {[%clk 00:01:53]} {[%emt
00:01:05]} 36. Qa3 {[%clk 00:01:10]} {[%emt 00:01:10]} Qc8 {[%clk 00:02:03]}
{[%emt 00:00:20]} 37. Bf1 {[%clk 00:01:02]} {[%emt 00:00:37]} Ne8 {[%clk
00:00:56]} {[%emt 00:01:36]} 38. c5 {[%clk 00:00:48]} {[%emt 00:00:45]} Bxf1
{[%clk 00:01:21]} {[%emt 00:00:05]} 39. Kxf1 {[%clk 00:01:15]} {[%emt
00:00:03]} bxc5 {[%clk 00:01:27]} {[%emt 00:00:25]} 40. bxc5 {[%clk 00:01:39]}
{[%emt 00:00:06]} dxc5 {[%clk 00:00:43]} {[%emt 00:01:14]} 41. Qxc5 {[%clk
00:01:03]} {[%emt 00:01:05]} Nd6 {[%clk 00:17:13]} {[%emt 00:14:00]} 42. Qc6
{[%clk 00:25:44]} {[%emt 00:05:49]} Qb8 {[%emt 00:06:53]} 43. f3 {[%clk
00:19:46]} {[%emt 00:00:55]} Qa7 {[%clk 00:16:08]} {[%emt 00:00:45]} 44. h4
{[%emt 00:03:34]} Kg7 {[%clk 00:13:08]} {[%emt 00:03:04]} 45. Ne2 {[%clk
00:14:17]} {[%emt 00:04:29]} Qb8 {[%clk 00:07:11]} {[%emt 00:05:20]} 46. Qc3
{[%clk 00:09:43]} {[%emt 00:05:03]} f6 {[%clk 00:07:37]} {[%emt 00:00:05]} 47.
Kg1 {[%clk 00:08:18]} {[%emt 00:01:54]} Qb6+ {[%clk 00:07:32]} {[%emt
00:00:36]} 48. Kh2 {[%clk 00:07:07]} {[%emt 00:01:41]} Nf7 {[%clk 00:07:03]}
{[%emt 00:00:59]} 49. Ng3 {[%clk 00:04:39]} {[%emt 00:02:57]} Kh7 {[%clk
00:06:53]} {[%emt 00:00:41]} 50. Qa3 {[%clk 00:04:37]} {[%emt 00:00:31]} Kg7
{[%clk 00:05:19]} {[%emt 00:02:05]} 51. Qe7 {[%clk 00:04:45]} {[%emt 00:00:22]}
Qa5 {[%clk 00:05:20]} {[%emt 00:00:29]} 52. Qd7 {[%clk 00:03:35]} {[%emt
00:01:39]} Qc5 {[%clk 00:05:27]} {[%emt 00:00:24]} 53. Ne2 {[%clk 00:03:33]}
{[%emt 00:00:32]} Qc2 {[%clk 00:03:01]} {[%emt 00:02:56]} 54. Ng3 {[%clk
00:03:39]} {[%emt 00:00:23]} Qc4 {[%emt 00:00:49]} 55. Qe7 {[%clk 00:03:27]}
{[%emt 00:00:06]} Qc1 {[%clk 00:03:08]} {[%emt 00:00:40]} 56. Qd7 {[%clk
00:01:51]} {[%emt 00:02:06]} Qc5 {[%clk 00:02:34]} {[%emt 00:01:04]} 57. Ne2
{[%clk 00:01:54]} {[%emt 00:00:28]} Qb6 {[%clk 00:02:12]} {[%emt 00:00:51]} 58.
Ng3 {[%clk 00:02:11]} {[%emt 00:00:14]} Qb8 {[%clk 00:02:30]} {[%emt 00:00:13]}
59. Ne2 {[%emt 00:02:35]} Kf8 {[%clk 00:00:37]} {[%emt 00:00:29]} 60. Nc3
{[%clk 00:01:28]} {[%emt 00:01:01]} Qd8 {[%clk 00:00:34]} {[%emt 00:00:33]} 61.
Qe6 {[%emt 00:01:24]} Kg7 {[%clk 00:00:36]} {[%emt 00:00:02]} 62. Nb5 {[%clk
00:00:52]} {[%emt 00:00:37]} f5 {[%clk 00:00:48]} {[%emt 00:00:18]} 63. g3
{[%clk 00:00:52]} {[%emt 00:00:30]} f4 {[%clk 00:00:39]} {[%emt 00:00:39]} 64.
Na7 {[%clk 00:00:33]} {[%emt 00:00:49]} Qb8 {[%clk 00:00:40]} {[%emt 00:00:30]}
65. Nc6 {[%clk 00:00:35]} {[%emt 00:00:27]} Qb2+ {[%clk 00:00:54]} {[%emt
00:00:16]} 66. Kh1 {[%clk 00:00:37]} {[%emt 00:00:29]} Qc1+ {[%clk 00:01:05]}
{[%emt 00:00:18]} 67. Kg2 {[%clk 00:00:45]} {[%emt 00:00:22]} Qd2+ {[%clk
00:01:22]} {[%emt 00:00:13]} 68. Kh3 {[%clk 00:00:52]} {[%emt 00:00:24]} Qf2
{[%clk 00:01:36]} {[%emt 00:00:15]} 0-1

[Event "European Women's Chess Club Cup 2023"]
[Site "Durres, Albania"]
[Date "2023.10.03"]
[Round "3.21"]
[White "Toncheva, Nadya"]
[Black "Houska, Jovanka"]
[Result "0-1"]
[TimeControl "90' + 30' & 30\""]
[WhiteElo "2253"]
[BlackElo "2340"]

1. d4 {[%clk 01:30:57]} {[%emt 00:00:02]} d5 {[%clk 01:30:12]} {[%emt
00:00:49]} 2. c4 {[%clk 01:31:21]} {[%emt 00:00:06]} e6 {[%clk 01:30:13]}
{[%emt 00:00:29]} 3. Nc3 {[%clk 01:31:45]} {[%emt 00:00:05]} Nf6 {[%clk
01:30:01]} {[%emt 00:00:43]} 4. cxd5 {[%clk 01:32:10]} {[%emt 00:00:05]} exd5
{[%clk 01:30:28]} {[%emt 00:00:03]} 5. Bg5 {[%clk 01:32:33]} {[%emt 00:00:07]}
c6 {[%clk 01:30:02]} {[%emt 00:00:56]} 6. e3 {[%clk 01:32:57]} {[%emt
00:00:06]} Be7 {[%clk 01:30:26]} {[%emt 00:00:06]} 7. Bd3 {[%clk 01:33:22]}
{[%emt 00:00:05]} O-O {[%clk 01:30:27]} {[%emt 00:00:29]} 8. Qc2 {[%clk
01:33:45]} {[%emt 00:00:06]} Nbd7 {[%clk 01:29:39]} {[%emt 00:01:19]} 9. h3
{[%clk 01:33:06]} {[%emt 00:01:09]} Re8 {[%clk 01:29:00]} {[%emt 00:01:09]} 10.
Nf3 {[%clk 01:33:27]} {[%emt 00:00:08]} Nf8 {[%clk 01:28:27]} {[%emt 00:01:04]}
11. O-O {[%clk 01:33:47]} {[%emt 00:00:08]} Be6 {[%clk 01:28:50]} {[%emt
00:00:08]} 12. Ne5 {[%clk 01:28:26]} {[%emt 00:05:51]} N6d7 {[%clk 01:27:41]}
{[%emt 00:01:39]} 13. Bf4 {[%clk 01:27:59]} {[%emt 00:00:57]} Nxe5 {[%clk
01:22:22]} {[%emt 00:05:49]} 14. Bxe5 {[%clk 01:28:05]} {[%emt 00:00:24]} Bd6
{[%clk 01:22:25]} {[%emt 00:00:28]} 15. Bxd6 {[%clk 01:18:41]} {[%emt
00:09:54]} Qxd6 {[%clk 01:22:50]} {[%emt 00:00:05]} 16. Rab1 {[%clk 01:16:57]}
{[%emt 00:02:14]} a5 {[%clk 01:18:00]} {[%emt 00:05:20]} 17. Na4 {[%clk
01:14:10]} {[%emt 00:03:16]} g6 {[%clk 01:16:04]} {[%emt 00:02:26]} 18. Qc5
{[%clk 01:07:21]} {[%emt 00:07:20]} Qd8 {[%clk 01:06:31]} {[%emt 00:10:03]} 19.
Qb6 {[%clk 01:01:48]} {[%emt 00:06:03]} Qxb6 {[%clk 01:00:17]} {[%emt
00:06:44]} 20. Nxb6 {[%clk 01:02:12]} {[%emt 00:00:06]} Ra7 {[%clk 01:00:34]}
{[%emt 00:00:13]} 21. Na4 {[%clk 00:52:10]} {[%emt 00:10:32]} h5 {[%clk
00:56:48]} {[%emt 00:04:16]} 22. h4 {[%clk 00:50:01]} {[%emt 00:02:38]} Nd7
{[%clk 00:53:53]} {[%emt 00:03:25]} 23. Rbc1 {[%clk 00:47:20]} {[%emt
00:03:12]} Kg7 {[%clk 00:52:15]} {[%emt 00:02:08]} 24. f3 {[%clk 00:46:53]}
{[%emt 00:00:56]} Re7 {[%clk 00:47:21]} {[%emt 00:05:25]} 25. Kf2 {[%clk
00:46:44]} {[%emt 00:00:38]} Ra8 {[%clk 00:47:24]} {[%emt 00:00:27]} 26. Rc3
{[%clk 00:43:35]} {[%emt 00:03:39]} f5 {[%clk 00:45:59]} {[%emt 00:01:56]} 27.
Rfc1 {[%clk 00:41:31]} {[%emt 00:02:34]} Bf7 {[%clk 00:43:02]} {[%emt
00:03:26]} 28. Bf1 {[%clk 00:38:02]} {[%emt 00:03:58]} Be8 {[%clk 00:38:12]}
{[%emt 00:05:22]} 29. Nc5 {[%clk 00:28:58]} {[%emt 00:09:34]} Nxc5 {[%clk
00:38:14]} {[%emt 00:00:28]} 30. dxc5 {[%clk 00:29:00]} {[%emt 00:00:28]} b5
{[%clk 00:26:56]} {[%emt 00:11:48]} 31. cxb6 {[%clk 00:29:08]} {[%emt
00:00:22]} Rb7 {[%clk 00:27:23]} {[%emt 00:00:03]} 32. Rb3 {[%clk 00:25:35]}
{[%emt 00:04:03]} a4 {[%clk 00:25:21]} {[%emt 00:02:32]} 33. Rb4 {[%clk
00:25:44]} {[%emt 00:00:20]} Ra5 {[%clk 00:25:48]} {[%emt 00:00:04]} 34. Rd4
{[%clk 00:22:22]} {[%emt 00:03:52]} Rxb6 {[%clk 00:24:37]} {[%emt 00:01:41]} 35.
Rc2 {[%clk 00:22:48]} {[%emt 00:00:04]} Bf7 {[%clk 00:20:57]} {[%emt 00:04:09]}
36. g4 {[%clk 00:16:30]} {[%emt 00:06:48]} c5 {[%clk 00:19:46]} {[%emt
00:01:42]} 37. Rf4 {[%clk 00:16:44]} {[%emt 00:00:15]} c4 {[%clk 00:17:00]}
{[%emt 00:03:16]} 38. gxf5 {[%clk 00:11:41]} {[%emt 00:05:33]} Rab5 {[%clk
00:16:45]} {[%emt 00:00:46]} 39. b3 {[%clk 00:06:52]} {[%emt 00:05:19]} axb3
{[%clk 00:14:36]} {[%emt 00:02:38]} 40. axb3 {[%clk 00:07:17]} {[%emt
00:00:05]} Rxb3 {[%clk 00:14:33]} {[%emt 00:00:32]} 41. Ke2 {[%clk 00:23:45]}
{[%emt 00:14:03]} Rb2 {[%clk 00:39:35]} {[%emt 00:05:28]} 42. f6+ {[%clk
00:24:03]} {[%emt 00:00:12]} Kf8 {[%clk 00:30:57]} {[%emt 00:09:08]} 43. Kd2
{[%clk 00:24:27]} {[%emt 00:00:06]} Rxc2+ {[%clk 00:30:46]} {[%emt 00:00:42]}
44. Kxc2 {[%clk 00:24:52]} {[%emt 00:00:04]} Rb3 {[%clk 00:31:11]} {[%emt
00:00:05]} 45. Kd2 {[%clk 00:22:54]} {[%emt 00:02:28]} Be6 {[%clk 00:31:14]}
{[%emt 00:00:27]} 46. f7 {[%clk 00:16:41]} {[%emt 00:06:43]} Rb2+ {[%clk
00:28:30]} {[%emt 00:03:14]} 47. Ke1 {[%clk 00:14:34]} {[%emt 00:02:37]} Rb1+
{[%clk 00:28:26]} {[%emt 00:00:34]} 48. Kf2 {[%clk 00:14:50]} {[%emt 00:00:14]}
c3 {[%clk 00:28:33]} {[%emt 00:00:23]} 49. Bd3 {[%clk 00:14:22]} {[%emt
00:00:58]} c2 {[%clk 00:28:50]} {[%emt 00:00:13]} 50. Bxc2 {[%clk 00:14:33]}
{[%emt 00:00:19]} Rb2 {[%clk 00:29:16]} {[%emt 00:00:04]} 51. Rf6 {[%clk
00:13:46]} {[%emt 00:01:17]} Rxc2+ {[%clk 00:29:37]} {[%emt 00:00:09]} 52. Kg3
{[%clk 00:14:14]} {[%emt 00:00:02]} Bxf7 {[%clk 00:29:59]} {[%emt 00:00:08]} 53.
Kf4 {[%clk 00:14:36]} {[%emt 00:00:08]} Rh2 {[%clk 00:27:45]} {[%emt 00:02:44]}
54. Kg5 {[%clk 00:14:51]} {[%emt 00:00:15]} Kg7 {[%clk 00:26:10]} {[%emt
00:02:05]} 55. Ra6 {[%clk 00:15:03]} {[%emt 00:00:18]} Rh3 {[%clk 00:26:35]}
{[%emt 00:00:05]} 56. e4 {[%clk 00:13:46]} {[%emt 00:01:47]} Rxf3 {[%clk
00:26:18]} {[%emt 00:00:47]} 57. Rb6 {[%clk 00:13:49]} {[%emt 00:00:27]} Rg3+
{[%clk 00:26:33]} {[%emt 00:00:15]} 0-1

[Event "European Women's Chess Club Cup 2023"]
[Site "Durres, Albania"]
[Date "2023.10.03"]
[Round "3.22"]
[White "Yao, Lan"]
[Black "Eric, Jovana"]
[Result "1-0"]
[TimeControl "90' + 30' & 30\""]
[WhiteElo "2311"]
[BlackElo "2146"]

1. e4 {[%clk 01:29:38]} {[%emt 00:01:21]} c5 {[%clk 01:30:47]} {[%emt
00:00:13]} 2. Nf3 {[%clk 01:30:05]} {[%emt 00:00:04]} d6 {[%clk 01:31:10]}
{[%emt 00:00:06]} 3. d4 {[%clk 01:30:30]} {[%emt 00:00:06]} cxd4 {[%clk
01:31:33]} {[%emt 00:00:07]} 4. Nxd4 {[%clk 01:30:57]} {[%emt 00:00:02]} Nf6
{[%clk 01:31:56]} {[%emt 00:00:08]} 5. Nc3 {[%clk 01:31:15]} {[%emt 00:00:11]}
a6 {[%clk 01:32:16]} {[%emt 00:00:09]} 6. Bg5 {[%clk 01:31:42]} {[%emt
00:00:04]} e6 {[%clk 01:32:35]} {[%emt 00:00:11]} 7. f4 {[%clk 01:31:53]}
{[%emt 00:00:20]} Be7 {[%clk 01:32:39]} {[%emt 00:00:25]} 8. Qf3 {[%clk
01:32:18]} {[%emt 00:00:05]} Qc7 {[%clk 01:32:56]} {[%emt 00:00:12]} 9. O-O-O
{[%clk 01:32:28]} {[%emt 00:00:20]} Nbd7 {[%clk 01:33:10]} {[%emt 00:00:17]} 10.
g4 {[%clk 01:32:12]} {[%emt 00:00:47]} h6 {[%clk 01:32:46]} {[%emt 00:00:53]}
11. Bxf6 {[%clk 01:32:38]} {[%emt 00:00:04]} Bxf6 {[%clk 01:33:12]} {[%emt
00:00:04]} 12. h4 {[%clk 01:33:01]} {[%emt 00:00:08]} Nb6 {[%clk 01:32:46]}
{[%emt 00:00:54]} 13. g5 {[%clk 01:30:54]} {[%emt 00:02:39]} Bxd4 {[%clk
01:32:41]} {[%emt 00:00:34]} 14. Rxd4 {[%clk 01:31:15]} {[%emt 00:00:09]} Qc5
{[%clk 01:32:55]} {[%emt 00:00:15]} 15. Rd2 {[%clk 01:22:22]} {[%emt 00:09:24]}
Bd7 {[%clk 01:30:38]} {[%emt 00:02:47]} 16. Be2 {[%clk 00:58:26]} {[%emt
00:24:27]} Na4 {[%clk 01:24:33]} {[%emt 00:06:34]} 17. Nxa4 {[%clk 00:55:02]}
{[%emt 00:03:54]} Bxa4 {[%clk 01:24:54]} {[%emt 00:00:08]} 18. g6 {[%clk
00:53:02]} {[%emt 00:02:31]} O-O {[%clk 01:22:53]} {[%emt 00:02:31]} 19. b3
{[%clk 00:48:26]} {[%emt 00:05:06]} Bc6 {[%clk 01:20:56]} {[%emt 00:02:26]} 20.
gxf7+ {[%clk 00:45:25]} {[%emt 00:03:32]} Rxf7 {[%clk 01:21:07]} {[%emt
00:00:18]} 21. Bc4 {[%clk 00:43:23]} {[%emt 00:02:32]} Re8 {[%clk 01:17:16]}
{[%emt 00:04:20]} 22. Rhd1 {[%clk 00:37:54]} {[%emt 00:06:00]} b5 {[%clk
01:14:40]} {[%emt 00:03:06]} 23. Be2 {[%clk 00:37:59]} {[%emt 00:00:26]} Ref8
{[%clk 01:05:16]} {[%emt 00:09:53]} 24. Qg4 {[%clk 00:34:20]} {[%emt 00:04:10]}
Bxe4 {[%clk 00:49:17]} {[%emt 00:16:29]} 25. Qxe6 {[%clk 00:34:11]} {[%emt
00:00:39]} Qc3 {[%clk 00:38:40]} {[%emt 00:11:06]} 26. Kb1 {[%clk 00:31:54]}
{[%emt 00:02:48]} Qe3 {[%clk 00:30:43]} {[%emt 00:08:26]} 27. f5 {[%clk
00:25:08]} {[%emt 00:07:17]} Kh8 {[%clk 00:30:00]} {[%emt 00:01:12]} 28. Bd3
{[%clk 00:23:28]} {[%emt 00:02:10]} d5 {[%clk 00:29:56]} {[%emt 00:00:34]} 29.
Bxe4 {[%clk 00:23:35]} {[%emt 00:00:24]} dxe4 {[%clk 00:24:44]} {[%emt
00:05:41]} 30. Rd8 {[%clk 00:19:41]} {[%emt 00:04:25]} Qf3 {[%clk 00:20:16]}
{[%emt 00:04:57]} 31. R1d5 {[%clk 00:09:27]} {[%emt 00:10:44]} Qh1+ {[%clk
00:17:25]} {[%emt 00:03:22]} 32. Kb2 {[%clk 00:09:02]} {[%emt 00:00:54]} Qxh4
{[%clk 00:17:34]} {[%emt 00:00:21]} 33. Qxf7 {[%clk 00:08:18]} {[%emt
00:01:14]} Rxd8 {[%clk 00:17:57]} {[%emt 00:00:07]} 34. f6 {[%clk 00:08:32]}
{[%emt 00:00:17]} Rg8 {[%clk 00:16:41]} {[%emt 00:01:45]} 35. fxg7+ {[%clk
00:07:35]} {[%emt 00:01:27]} Rxg7 {[%clk 00:16:28]} {[%emt 00:00:44]} 36. Qf5
{[%clk 00:06:04]} {[%emt 00:02:00]} e3 {[%clk 00:13:10]} {[%emt 00:03:49]} 37.
Qf8+ {[%clk 00:02:45]} {[%emt 00:03:48]} Kh7 {[%clk 00:10:50]} {[%emt
00:02:50]} 38. Rd8 {[%clk 00:02:29]} {[%emt 00:00:46]} Qg5 {[%clk 00:07:18]}
{[%emt 00:04:03]} 39. Qh8+ {[%clk 00:02:37]} {[%emt 00:00:22]} Kg6 {[%clk
00:07:42]} {[%emt 00:00:06]} 40. Rd6+ {[%clk 00:02:16]} {[%emt 00:00:50]} Kh5
{[%clk 00:07:18]} {[%emt 00:00:55]} 41. Qe8+ {[%clk 00:02:12]} {[%emt
00:00:32]} Kh4 {[%clk 00:17:36]} {[%emt 00:20:13]} 42. Re6 {[%clk 00:27:29]}
{[%emt 00:05:14]} e2 {[%clk 00:12:06]} {[%emt 00:05:59]} 43. Re4+ {[%clk
00:26:53]} {[%emt 00:01:07]} Kg3 {[%clk 00:11:44]} {[%emt 00:00:52]} 44. Re3+
{[%clk 00:25:14]} {[%emt 00:02:08]} Kh4 {[%clk 00:05:32]} {[%emt 00:06:43]} 45.
Qe6 {[%clk 00:24:08]} {[%emt 00:01:36]} Qf4 {[%clk 00:01:28]} {[%emt 00:04:34]}
46. Re4 {[%clk 00:23:24]} {[%emt 00:01:14]} 1-0